Olympics medal table - Stockholm 1912 - Statistics

General Stats
  • This quiz has been taken 14 times
  • The average score is 9 of 10
Answer Stats
Gold Silver Bronze Total Nation % Correct
3 2 3 8 Canada
100%
7 4 3 14 France
100%
5 13 7 25 Germany
100%
25 19 19 63 United States
100%
10 15 16 41 Great Britain
92%
4 1 4 9 Norway
92%
24 24 17 65 Sweden
92%
1 6 5 12 Denmark
77%
9 8 9 26 Finland
77%
3 2 3 8 Hungary
38%
No matching quizzes found
Score Distribution
Percent of People with Each Score
Percentile by Number Answered
Your Score History
You have not taken this quiz